[Event "Ricany op-B"]
[Site "Ricany"]
[Date "2008.08.29"]
[Round "8"]
[White "Starek, Stanislav"]
[Black "Soltysova, Andrea"]
[Result "0-1"]
[WhiteElo "1250"]
[BlackElo "1543"]
[PlyCount "70"]
[EventDate "2008.08.23"]
[EventType "swiss"]
[EventRounds "9"]
[EventCountry "CZE"]
[SourceTitle "CBM 126 Extra"]
[Source "ChessBase"]
[SourceDate "2008.11.05"]
[SourceVersion "1"]
[SourceVersionDate "2008.11.05"]
[SourceQuality "1"]

1. d4 d5 2. c4 e5 3. e3 Bb4+ 4. Nc3 exd4 5. exd4 Nf6 6. Qb3 Bxc3+ 7. bxc3 0-0 8. Bg5 dxc4 9. Bxc4 Nc6 10. Bxf6 Qxf6 11. Ne2 Na5 12. Qb4 Nxc4 13. Qxc4 Qd6 14. 0-0 Be6 15. Qb4 Qxb4 16. cxb4 a5 17. a3 Bc4 18. Rfe1 Rfd8 19. f3 axb4 20. axb4 Rxa1 21. Rxa1 Bxe2 22. Kf2 Ba6 23. Re1 Kf8 24. Re4 Rd5 25. Ke3 Rb5 26. d5 Rxd5 27. Rd4 Rxd4 28. Kxd4 Ke7 29. Kc5 Bf1 30. g3 Bg2 31. f4 h5 32. h4 Ke6 33. Kd4 Kf5 34. Ke3 Kg4 35. Kf2 Bd5 0-1

[Event "Ricany op-B"]
[Site "Ricany"]
[Date "2008.08.24"]
[Round "2"]
[White "Klima, Jan"]
[Black "Soltysova, Andrea"]
[Result "1-0"]
[WhiteElo "1667"]
[BlackElo "1543"]
[PlyCount "95"]
[EventDate "2008.08.23"]
[EventType "swiss"]
[EventRounds "9"]
[EventCountry "CZE"]
[SourceTitle "CBM 126 Extra"]
[Source "ChessBase"]
[SourceDate "2008.11.05"]
[SourceVersion "1"]
[SourceVersionDate "2008.11.05"]
[SourceQuality "1"]

1. e4 c6 2. d4 d5 3. Nc3 dxe4 4. Nxe4 Bf5 5. Ng3 Bg6 6. h4 h6 7. Nf3 Nd7 8. h5 Bh7 9. Bd3 Bxd3 10. Qxd3 e6 11. Bd2 Qb6 12. 0-0-0 Ngf6 13. c4 Ng4 14. Qe2 0-0-0 15. Bc3 Bb4 16. Ne4 Ndf6 17. c5 Qa5 18. Bxb4 Qxb4 19. Nd6+ Rxd6 20. cxd6 Qxd6 21. Ne5 Nxe5 22. dxe5 Qc5+ 23. Kb1 Nd5 24. Rh4 Kc7 25. Rg4 Rg8 26. g3 Qb6 27. Qf3 f6 28. exf6 Nxf6 29. Rgd4 Qa5 30. g4 Re8 31. Qd3 Nd5 32. Qg6 Re7 33. f4 Qb5 34. Re1 Nc3+ 35. Ka1 Qa5 36. a3 Nb5 37. Re5 Qa6 38. Rd3 Nd6 39. Rd1 Qa4 40. Qd3 Rd7 41. Rxe6 Qxf4 42. Qg6 Qg3 43. Rde1 Qb3 44. Re7 Nc4 45. Rxd7+ Kxd7 46. Qxg7+ Kd6 47. Qd4+ Kc7 48. Re7+ 1-0

[Event "Ricany op-B"]
[Site "Ricany"]
[Date "2008.08.24"]
[Round "3"]
[White "Soltysova, Andrea"]
[Black "Zadnik, Stepan"]
[Result "1-0"]
[WhiteElo "1543"]
[BlackElo "1250"]
[PlyCount "85"]
[EventDate "2008.08.23"]
[EventType "swiss"]
[EventRounds "9"]
[EventCountry "CZE"]
[SourceTitle "CBM 126 Extra"]
[Source "ChessBase"]
[SourceDate "2008.11.05"]
[SourceVersion "1"]
[SourceVersionDate "2008.11.05"]
[SourceQuality "1"]

1. d4 d5 2. c4 c6 3. Nc3 Nf6 4. Nf3 Be6 5. c5 g6 6. Bf4 Nbd7 7. e3 Bg7 8. Bd3 b6 9. b4 bxc5 10. bxc5 Qa5 11. Qd2 0-0 12. 0-0 Bg4 13. Ne2 Qxd2 14. Nxd2 Rfe8 15. f3 Be6 16. Ba6 Nf8 17. Bb7 Bd7 18. Bxa8 Rxa8 19. Rab1 Bf5 20. Rb7 Bd3 21. Re1 e6 22. Nb3 a5 23. Rb8 Ra6 24. a4 N6d7 25. Rb7 f6 26. Bd6 Bh6 27. Kf2 e5 28. Bxf8 Nxf8 29. Rb6 Nd7 30. Rxa6 Bxa6 31. Nxa5 exd4 32. exd4 Bd2 33. Nxc6 Bxe1+ 34. Kxe1 Kf7 35. Nc3 Bc4 36. Nb4 Ke6 37. a5 Nb8 38. c6 Kd6 39. c7 Kxc7 40. Ncxd5+ Kd6 41. Nxf6 h6 42. Ng4 g5 43. Ne5 1-0

[Event "CZE-ch U16 Girls"]
[Site "Sec u Chrudimi"]
[Date "2008.03.15"]
[Round "9"]
[White "Simurdova, Zdenka"]
[Black "Soltysova, Andrea"]
[Result "0-1"]
[WhiteElo "1730"]
[BlackElo "1505"]
[PlyCount "98"]
[EventDate "2008.03.08"]
[EventType "swiss"]
[EventRounds "9"]
[EventCountry "CZE"]
[SourceTitle "EXT 2009"]
[Source "ChessBase"]
[SourceDate "2008.11.26"]
[SourceVersion "1"]
[SourceVersionDate "2008.11.26"]
[SourceQuality "1"]

1. e4 e6 2. d4 d5 3. Nc3 dxe4 4. Nxe4 Nd7 5. Nf3 Ngf6 6. Bd3 b6 7. 0-0 Bb7 8. Re1 Be7 9. c3 0-0 10. Qc2 h6 11. Bf4 Nd5 12. Bg3 f5 13. Ned2 f4 14. Rxe6 fxg3 15. fxg3 N7f6 16. Rae1 Bd6 17. a3 c5 18. dxc5 Bxc5+ 19. Kh1 Ng4 20. h3 Nf2+ 21. Kh2 Nxd3 22. Qxd3 Nc7 23. Qxd8 Raxd8 24. R6e2 Rfe8 25. Nb3 Rxe2 26. Rxe2 Bf8 27. Nbd4 Re8 28. Rd2 Kf7 29. Rf2 Kg8 30. Rd2 Bd5 31. Nf5 Be6 32. N3d4 Rd8 33. Re2 Bxf5 34. Nxf5 Kh7 35. Nd4 Rd6 36. Rf2 Rf6 37. Re2 Bc5 38. Nf3 Re6 39. Rd2 a6 40. Rd7 Ne8 41. Rd2 Nf6 42. Nh4 Re1 43. Nf3 Ne4 44. Rc2 Rf1 45. Re2 Nf2 46. Ng1 Ng4+ 47. hxg4 Bxg1+ 48. Kh3 Be3 49. Kh2 Bc5 0-1

[Event "CZE-ch U18 Girls/sf U18"]
[Site "Czech Republic"]
[Date "2008.??.??"]
[Round "1"]
[White "Mrazek, Lumir"]
[Black "Soltysova, Andrea"]
[Result "1-0"]
[WhiteElo "1987"]
[BlackElo "1531"]
[PlyCount "77"]
[EventDate "2008.??.??"]
[EventType "swiss"]
[EventRounds "9"]
[EventCountry "CZE"]
[SourceTitle "EXT 2011"]
[Source "ChessBase"]
[SourceDate "2010.11.26"]
[SourceVersion "1"]
[SourceVersionDate "2010.11.26"]
[SourceQuality "1"]

1. e4 c6 2. d4 d5 3. Nc3 dxe4 4. Nxe4 Bf5 5. Ng3 Bg6 6. Nf3 Nd7 7. Bc4 e6 8. Bg5 Be7 9. Bxe7 Nxe7 10. Nh4 Nf6 11. c3 Qd7 12. Qf3 0-0 13. 0-0 h6 14. Nxg6 Nxg6 15. Bd3 Ne7 16. Ne4 Nxe4 17. Qxe4 g6 18. Rae1 Qd5 19. Qh4 Qg5 20. Qxg5 hxg5 21. Re5 Rad8 22. Rxg5 Kg7 23. Re1 Nd5 24. g3 Rh8 25. Kg2 Rde8 26. Rge5 Rd8 27. a3 Rd7 28. f4 c5 29. Bb5 Rc7 30. c4 Nf6 31. Rxc5 Rxc5 32. dxc5 Rc8 33. b4 Kf8 34. Rd1 a6 35. Ba4 Ne4 36. Rd7 Rb8 37. c6 bxc6 38. Bxc6 Nf6 39. Ra7 1-0

[Event "CZE-ch U18 Girls/sf U18"]
[Site "Czech Republic"]
[Date "2008.??.??"]
[Round "6"]
[White "Soltysova, Andrea"]
[Black "Nebehaj, Ondrej"]
[Result "1/2-1/2"]
[WhiteElo "1531"]
[BlackElo "1704"]
[PlyCount "21"]
[EventDate "2008.??.??"]
[EventType "swiss"]
[EventRounds "9"]
[EventCountry "CZE"]
[SourceTitle "EXT 2011"]
[Source "ChessBase"]
[SourceDate "2010.11.26"]
[SourceVersion "1"]
[SourceVersionDate "2010.11.26"]
[SourceQuality "1"]

1. d4 d5 2. Nf3 Nc6 3. Bf4 Nf6 4. Nc3 a6 5. e3 Bf5 6. a3 e6 7. Bd3 Ne4 8. Nd2 Nxc3 9. bxc3 Bd6 10. Bxd6 Qxd6 11. 0-0 1/2-1/2

[Event "CZE-ch U16 Girls"]
[Site "Sec u Chrudimi"]
[Date "2007.03.16"]
[Round "8"]
[White "Skutova, Snezana"]
[Black "Soltysova, Andrea"]
[Result "1-0"]
[WhiteElo "1544"]
[BlackElo "1328"]
[PlyCount "71"]
[EventDate "2007.03.10"]
[EventType "swiss"]
[EventRounds "9"]
[EventCountry "CZE"]
[SourceTitle "EXT 2008"]
[Source "ChessBase"]
[SourceDate "2007.11.25"]
[SourceVersion "1"]
[SourceVersionDate "2007.11.25"]
[SourceQuality "1"]

1. e4 f5 2. Nc3 Nc6 3. Nf3 e5 4. d4 fxe4 5. Nxe5 Nxe5 6. dxe5 Bb4 7. Bd2 Qe7 8. Nxe4 Bxd2+ 9. Nxd2 Qxe5+ 10. Qe2 Qxe2+ 11. Bxe2 d6 12. Bc4 Bf5 13. 0-0-0 Nf6 14. Rhe1+ Kd7 15. h3 Rhe8 16. Nf3 Rxe1 17. Rxe1 a6 18. Nd4 Be4 19. f3 Bd5 20. Bd3 g6 21. Kd2 Re8 22. Rxe8 Kxe8 23. Ke3 c5 24. Ne2 c4 25. Be4 Nxe4 26. fxe4 Bf7 27. Kd4 Kd7 28. e5 g5 29. Nc3 Bg6 30. exd6 Kxd6 31. Ne4+ Bxe4 32. Kxe4 Kc5 33. c3 a5 34. a4 b6 35. g4 h6 36. Ke5 1-0

[Event "CZE-ch U14 Girls"]
[Site "Zlate Hory"]
[Date "2006.03.14"]
[Round "5"]
[White "Grussova, Helena"]
[Black "Soltysova, Andrea"]
[Result "1-0"]
[WhiteElo "1500"]
[BlackElo "1250"]
[PlyCount "63"]
[EventDate "2006.03.11"]
[EventType "swiss"]
[EventRounds "9"]
[EventCountry "CZE"]
[SourceTitle "EXT 2008"]
[Source "ChessBase"]
[SourceDate "2007.11.25"]
[SourceVersion "1"]
[SourceVersionDate "2007.11.25"]
[SourceQuality "1"]

1. e4 e6 2. d4 d5 3. exd5 exd5 4. Nf3 Nf6 5. Bd3 Be7 6. Bf4 Bg4 7. Nbd2 Nc6 8. c3 a6 9. Qc2 Qd7 10. 0-0-0 0-0-0 11. Rde1 g6 12. Ne5 Nxe5 13. Bxe5 Rhe8 14. Nb3 Qc6 15. f3 Bd7 16. Re2 Ng8 17. Rhe1 f6 18. Bg3 Bd6 19. Bxd6 Rxe2 20. Rxe2 Qxd6 21. g3 f5 22. Nc5 Nf6 23. Qb3 Qb6 24. Qc2 Qd6 25. Re5 Re8 26. f4 Qc6 27. Qe2 Ng4 28. Nxd7 Nxe5 29. Nxe5 Qb6 30. g4 Rf8 31. gxf5 gxf5 32. Qh5 1-0

[Event "CZE-ch U14 Girls"]
[Site "Zlate Hory"]
[Date "2006.03.11"]
[Round "1"]
[White "Sabolova, Gabriela"]
[Black "Soltysova, Andrea"]
[Result "1/2-1/2"]
[WhiteElo "1560"]
[BlackElo "1250"]
[PlyCount "81"]
[EventDate "2006.03.11"]
[EventType "swiss"]
[EventRounds "9"]
[EventCountry "CZE"]
[SourceTitle "EXT 2008"]
[Source "ChessBase"]
[SourceDate "2007.11.25"]
[SourceVersion "1"]
[SourceVersionDate "2007.11.25"]
[SourceQuality "1"]

1. e4 c6 2. d4 d5 3. exd5 cxd5 4. Bd3 Nf6 5. Ne2 Nc6 6. c3 Bg4 7. Nd2 e6 8. Qc2 Be7 9. Ng3 e5 10. dxe5 Nxe5 11. 0-0 0-0 12. h3 Nxd3 13. Qxd3 Bd7 14. Nf3 h6 15. Nd4 Re8 16. Ngf5 Bxf5 17. Nxf5 Bf8 18. Qg3 Kh7 19. Be3 g6 20. Nd4 a6 21. f4 Nh5 22. Qf2 Bg7 23. h4 Nf6 24. Qf3 h5 25. f5 Ng4 26. fxg6+ fxg6 27. Bg5 Qc7 28. Bf4 Qd8 29. Bg5 Qc7 30. Qf4 Qxf4 31. Rxf4 Rf8 32. Raf1 Rxf4 33. Rxf4 Re8 34. Rf7 Re1+ 35. Rf1 Rxf1+ 36. Kxf1 Bxd4 37. cxd4 Kg7 38. Ke2 Kf7 39. Kf3 Ke6 40. Kf4 Nf2 41. Kf3 1/2-1/2

[Event "CZE Juniorcentrum op-D"]
[Site "Sec u Chrudimi"]
[Date "2005.10.27"]
[Round "7"]
[White "Pokorna, Karolina"]
[Black "Soltysova, Andrea"]
[Result "0-1"]
[WhiteElo "1100"]
[BlackElo "1100"]
[PlyCount "40"]
[EventDate "2005.10.22"]
[EventType "swiss"]
[EventRounds "9"]
[EventCountry "CZE"]
[SourceTitle "EXT 2008"]
[Source "ChessBase"]
[SourceDate "2007.11.25"]
[SourceVersion "1"]
[SourceVersionDate "2007.11.25"]
[SourceQuality "1"]

1. e4 e6 2. d4 d5 3. exd5 exd5 4. Nf3 Nf6 5. Bd3 c5 6. Be3 b6 7. 0-0 Nc6 8. Bb5 Bd7 9. Re1 Be7 10. dxc5 0-0 11. cxb6 axb6 12. Nc3 Na7 13. Bxd7 Qxd7 14. Bxb6 Rab8 15. Bxa7 Qxa7 16. Nxd5 Nxd5 17. Qxd5 Rxb2 18. Qe5 Rxc2 19. Qxe7 Qxf2+ 20. Kh1 Qxg2# 0-1